Atención a la diversidad : teoría y práctica (Registro nro. 7963)
[ vista simple ]
| 000 -CABECERA | |
|---|---|
| campo de control de longitud fija | 00764nam a2200241 4500 |
| 005 - FECHA Y HORA DE ACTUALIZACIÓN | |
| campo de control | 20160415135149.0 |
| 008 - LONGITUD FIJA | |
| campo de control de longitud fija | 070919s2007 sp | ||| ||spa |
| 020 ## - INTERNATIONAL STANDARD BOOK NUMBER | |
| Número Internacional Estándar del Libro | 9788483223918 |
| 041 ## - IDIOMA | |
| Código de idioma del texto/pista de sonido o título separado | |
| 082 ## - CLASIFICACIÓN DECIMAL DEWEY | |
| Número de clasificación | 371 |
| Número de documento/Ítem | C117a |
| 100 1# - AUTOR PERSONAL | |
| Nombre de persona | Cabrerizo Diago, Jesús |
| 100 1# - AUTOR PERSONAL | |
| Nombre de persona | Rubio Roldán, María Julia |
| 245 10 - TÍTULO PROPIAMENTE DICHO | |
| Título | Atención a la diversidad : teoría y práctica |
| 260 ## - PIE DE IMPRENTA | |
| Lugar de publicación, distribución, etc. | Madrid |
| Nombre del editor, distribuidor, etc. | Pearson Prentice Hall |
| Fecha de publicación, distribución, etc. | 2007 |
| 300 ## - DESCRIPCIÓN FÍSICA | |
| Extensión | 317 páginas |
| 650 #7 - Materia General | |
| Materia general | INTEGRACIÓN EDUCATIVA |
| 650 #7 - Materia General | |
| Materia general | ADAPTACIONES CURRICULARES |
| 650 #7 - Materia General | |
| Materia general | EDUCACIÓN COMPENSATORIA |
| 650 #7 - Materia General | |
| Materia general | DIVERSIDAD EDUCATIVA |
| 650 #7 - Materia General | |
| Materia general | DETECCIÓN DE NECESIDADES |
| 650 #7 - Materia General | |
| Materia general | PLANES DE ATENCIÓN A LA DIVERSIDAD |
| 942 ## - Punto de Acceso Adicional Koha | |
| Tipo de ítem Koha | Libro |
No hay ítems disponibles.